000 01719nam a22004457a 4500
001 22953490
005 20241126105610.0
008 241126b |||||||| |||| 00| 0 eng d
010 _a 2021276625
015 _aGBC1I4774
_2bnb
016 7 _a020386034
_2Uk
020 _a9780128223710
_q(pbk)
020 _a0128223715
035 _a(OCoLC)on1285689132
040 _aUKMGB
_beng
_cKMU
_erda
_dKMU
042 _alccopycat
050 0 0 _aHD 9999.S452
_bM43
100 1 _aMcCrie, Robert D.,
_eauthor.
245 1 0 _aSecurity operations management /
_cRobert McCrie, Suengmug (Zech) Lee.
250 _aFourth edition.
264 1 _aUnited Kingdom :
_bButterworth-Heinemann, an imprint of Elsevier,
_c2023.
300 _axv, 488 pages :
_billustrations ;
_c24 cm
336 _atext
_2rdacontent
337 _aunmediated
_2rdamedia
338 _avolume
_2rdacarrier
500 _aPrevious edition: 2016.
504 _aIncludes bibliographical references and index.
650 0 _aSecurity systems industry
_xManagement.
650 0 _aPrivate security services
_xManagement.
650 6 _aSystèmes de sécurité
_xIndustrie
_xGestion.
650 6 _aServices privés de sécurité
_xGestion.
650 7 _aPrivate security services
_xManagement.
_2fast
_0(OCoLC)fst01077618
650 7 _aSecurity systems industry
_xManagement.
_2fast
_0(OCoLC)fst01110894
700 1 _aLee, Seungmug,
_eauthor.
700 1 _aMcCrie, Robert D.
_tSecurity operations management.
_sThird edition.
776 0 8 _iebook version :
_z9780128223727
906 _a7
_bcbc
_ccopycat
_d2
_encip
_f20
_gy-gencatlg
942 _2lcc
_cBK
_n0
999 _c1428
_d1428